LEADER 00708nam a2200193 i 4500 001 000000080257 003 CaOOAMICUS 005 20171026000000.0 008 171026s1836 it u000 u ita u 013 $a52495 040 $aSeMil$bita 245 10$aVol. 1. 300 $aVIII, 279 p. 773 0 $aSismondi, Jean Charles Léonard Simonde : de <1773-1842>$tStoria della caduta dell'Impero romano e della decadenza della civilta dall'anno 250 al 1000.$dMilano : Pirotta e C., 1836.$g1$w()5997 850 $aSeMil 852 $aSeMil$W1$xVenegono$y1$m3V I 314 FA$j45788$B45788$CSeMilBibl$Z2$F47854 $8I 941 1 $a10 961 $aRecupero: Mantegazza 996 $6245$aVol. 1$9(OLS)http://semarc/title/13429 LEADER 01148nam a2200229 4500 001 000000345083 003 CaOOAMICUS 005 20260115075025.0 008 210326s192u it 000 u ita r 040 $aSeMil$bita 100 1 $aRiva, Giuseppe,$d<1877-1929>.$0(OLS)http://semarc/name/90994 245 10$aManuale di Filotea /$cdel sacerdote milanese Giuseppe Riva, penitenziere nella metropolitana di Milano. 250 $aNuovissima edizione riveduta, col nuovo catechismo ed altre aggiunte 264 1$aComo :$bE. Gaffuri libreria vescovile,$c[192-?] 300 $a1048 p., 1 carta di tav. :$britr. ;$c15 cm 650 4$aCristianesimo - Libri di preghiere e devozione italiani.$0(OLS)http://semarc/subject/1222 850 $aSeMil 852 $aSeMil$W1$xVenegono$y1$m3K I 396$j225556$B236153$CSeMilBibl$Z2$F236153 $81 961 $aMartinelli Anita. -- Con dedica autografa del sacerdote Angelo Rossetti ad Anita Martinelli (5 gennaio 1929) 996 $6245$aManuale di Filotea$9(OLS)http://semarc/title/63029 996 $6264$aComo :$bE. Gaffuri libreria vescovile$9(OLS)http://semarc/publisher/59648